Multiple-Choice Leichte Lateinische Wörter #1 - Statistiken

Allgemein
  • Dieses Quiz wurde 66 mal gespielt
  • Das Durchschnittsergebnis liegt bei 12 aus 15
Antwortstatistiken
Frage Antwort % Korrekt
Piscis Fisch
98%
Aurum Gold
95%
Deus Gott
95%
Magister Lehrer
94%
Amor Liebe
91%
Nomen Name
88%
Manus Hand
86%
Canis Hund
86%
Equus Pferd
86%
Sanguis Blut
80%
Dare geben
70%
Habere haben
70%
Aut oder
64%
Loqui sprechen
48%
Iubere befehlen
47%
Keine übereinstimmenden Quizze gefunden
Verteilung der Resultate
Anzahl Personen mit jedem Resultat
Perzentil nach korrekt beantworteten Fragen
Ihre Resultats-Entwicklung
Sie haben dieses Quiz noch nicht gespielt